| 000 | 00356pam a2200157a 44500 | ||
|---|---|---|---|
| 008 | 230515b1967 xxu||||| |||| 00| 0 eng d | ||
| 020 | _aNULL | ||
| 041 | _aENGLISH | ||
| 082 | _aENG | ||
| 100 | _aENELUND FRANK | ||
| 245 | _aMONOGRAPH ON SEDIMENT TRANSPORTATION | ||
| 250 | _aNULL | ||
| 260 |
_aPUNE _bN/A _c1967 |
||
| 300 | _a62 PB | ||
| 650 | _aNULL | ||
| 999 |
_c661934 _d661934 |
||